Fr. Conceicao Rodrigues College of Engineering

Mathematical Methods (Record no. 31233)

MARC details
000 -LEADER
fixed length control field 00317nam a2200145Ia 4500
082 ## - DEWEY DECIMAL CLASSIFICATION NUMBER
Classification number 515/IYE
Item number IYE
100 ## - MAIN ENTRY--PERSONAL NAME
Personal name Iyengar/S.R.K/ Jain/R.K
245 ## - TITLE STATEMENT
Title Mathematical Methods
260 ## - PUBLICATION, DISTRIBUTION, ETC.
Name of publisher, distributor, etc. Narosa Publication House
Date of publication, distribution, etc. 2006
366 ## - TRADE AVAILABILITY INFORMATION
Publishers's discount category 20
546 ## - LANGUAGE NOTE
Language note ENGLISH
650 ## - SUBJECT ADDED ENTRY--TOPICAL TERM
Topical term or geographic name entry element Mathematics
942 ## - ADDED ENTRY ELEMENTS (KOHA)
Koha item type BOOK
Holdings
Withdrawn status Lost status Damaged status Not for loan Collection Home library Current library Date acquired Source of acquisition Cost, normal purchase price Inventory number Total Checkouts Full call number Barcode Date last seen Cost, replacement price Price effective from Koha item type
        CRC Fr. Agnel's C.Rodrigues College of Engineering Fr. Agnel's C.Rodrigues College of Engineering 17/03/2023 Dharma Enterprises 156.00 298 dt 28/04/2009   515/IYE IYE 19607 17/03/2023 195.00   BOOK